Uso de modelos de predición como herramienta para estimar el área de distribución potencial de la especie Aniba perutilis Hemsley (comino crespo) en el departamento del Valle del Cauca (Registro nro. 5802)

Detalles MARC
000 -CABECERA
Campo de control 00767nam a2200217 a 4500
005 - FECHA Y HORA DE LA ULTIMA TRANSACCION
Campo de control 20191224041816.0
008 - ELEMENTOS DE LONGITUD FIJA—INFORMACION GENERAL
Campo de control 160829b2007 ck |||||rm||| 00| 0 spa d
040 ## - FUENTE DE CATALOGACIÓN
Agencia catalogadora original CO-BoIAVH
Agencia transcriptora CO-BoIAVH
041 ## - IDIOMA
Código de idioma para texto/pista de sonido o título separado Español
090 ## - CLASIFICACIÓN LOCAL
Colección TE
Consecutivo 0179
100 1# - ASIENTO PRINCIPAL--NOMBRE PERSONAL
Nombre personal Hurtado Aguilar, Carlos Alirio
9 (RLIN) 75467
245 10 - MENCION DE TITULO
Título Uso de modelos de predición como herramienta para estimar el área de distribución potencial de la especie Aniba perutilis Hemsley (comino crespo) en el departamento del Valle del Cauca
260 ## - PUBLICACION, DISTRIBUCION, ETC. (PIE DE IMPRENTA)
Lugar de publicación, distribución, etc. Popayán
Nombre del editor, distribuidor, etc. Fundación Universitaria de Popayán
Fecha de publicación, distribución, etc. 2007
300 ## - DESCRIPCION FISICA
Extensión 57 Paginas
650 14 - ASIENTO SECUNDARIO DE MATERIA - TERMINO TEMATICO
Término temático o nombre geográfico como elemento de entrada Hidrografia
9 (RLIN) 5361
650 14 - ASIENTO SECUNDARIO DE MATERIA - TERMINO TEMATICO
Término temático o nombre geográfico como elemento de entrada Descripción Morfológica
9 (RLIN) 75469
650 14 - ASIENTO SECUNDARIO DE MATERIA - TERMINO TEMATICO
Término temático o nombre geográfico como elemento de entrada Clima
9 (RLIN) 75566
650 14 - ASIENTO SECUNDARIO DE MATERIA - TERMINO TEMATICO
Término temático o nombre geográfico como elemento de entrada Hábitat
9 (RLIN) 75567
942 ## - ELEMENTOS ADICIONALES (KOHA)
Tipo de ítem Tesis
Sistema de clasificación Local
945 ## - PROCESAMIENTO LOCAL
AAAA-MM-DD - Fecha de ingreso o modificacion 2007-09-11
Existencias
Withdrawn status Lost status Sistema de Clasificación Damaged status No para préstamo Colección Inventariado Ubicación Permanente Ubicación actual Fecha de adquisición Total Checkouts Número topográfico Inventario / Código de Barras Date last seen Ejemplar Price effective from Forma de adquisición Tipo de material Public note
    Local     Tesis Inventariado 2017 Bogotá Bogotá 21/11/2013   TE-0179 025170 21/11/2013 Ej. 1 21/11/2013 Donación Tesis Disponible solo para consulta en sala